| 000 | 00728nam a2200205 a 4500 | ||
|---|---|---|---|
| 001 | BRCA_930 | ||
| 005 | 20190320203217.0 | ||
| 008 | 270508s1982----sp-#---###---#000-0#spa-# | ||
| 020 | _a8474832268 | ||
| 050 | 4 |
_aNK7162 _b.C38 1982 |
|
| 100 | 1 |
_aCruz Valdovinos, José Manuel _d1943- _92201 |
|
| 245 | 1 | 0 |
_aCatálogo de la plateria _cJosé Manuel Cruz Valdovinos. |
| 260 |
_aMadrid, España _bMuseo Arqueológico Nacional _c1982 |
||
| 300 |
_a294 p. _bil. _c25 cm. |
||
| 504 | _aBibliografía: p. 277-278 | ||
| 610 | 2 | 4 |
_aMuseo Arqueológico Nacional (Madrid, España) _xColecciones de arte _93070 |
| 650 | 1 | 4 |
_aPlatería religiosa _xColeciones _ySiglo XIV al XIX _zEspaña _93071 |
| 650 | 1 | 4 |
_aPlatería española _93072 |
| 942 |
_2lcc _cB |
||
| 999 |
_c819 _d819 |
||